| 000 | 00000nas 2200000za 4500 |
| 001 | 9.809107 |
| 003 | CaOODSP |
| 005 | 20241104110212 |
| 007 | cr ||||||||||| |
| 008 | 160114d19761978oncuu p o f000#a0eng|d |
| 040 | |aCaOODSP|beng |
| 041 | |aeng|afre |
| 043 | |an-cn--- |
| 086 | 1 |aPF1-6-PDF |
| 245 | 00|aDaily checklist of Canadian government publications |h[electronic resource] = |bListe quotidienne des publications du gouvernement canadien. |
| 246 | 11|aListe quotidienne des publications du gouvernement canadien |
| 260 | |aOttawa : |bSupply and Services Canada, Printing and Publishing. |
| 362 | 0 |aApr. 12, 1976-Nov. 10, 1978. |
| 500 | |aDigitized edition from print [produced by the Publishing and Depository Services Directorate]. |
| 515 | |aNumbering begins each year with no. 1. |
| 546 | |aText in English and French. |
| 692 | 07|2gccst|aGovernment publications |
| 710 | 1 |aCanada. |bSupply and Services Canada. |
| 780 | 00|tDaily checklist of government publications = |w(CaOODSP)9.921861 |
| 785 | 00|tWeekly checklist of Canadian government publications |w(CaOODSP)9.500735 |
| 792 | |tDaily checklist of Canadian government publications |efre|w(CaOODSP)9.809109 |